000
00368nam a22001577a 4500
003
MPLRDC
005
20220104144159.0
008
210129b ||||| |||| 00| 0 eng d
082
_a
803.9231 LYC
100
_a
黎煜才编
245
_a
良伴
_c
260
_a
_b
尚艺出版有限公司
_c
300
_b
平
650
_a
马来亚语
942
_c
BK
_o
803.9231 LYC
999
_c
47147
_d
47137